US Cities - Top 5 in State or Not? (clickable) Quiz Stats

Quiz not verified by Sporcle

Challenge
Share
Tweet
Embed
Score 0/25 Timer 05:00
0 Plays Today
% Correct
Kalamazoo, MI
84.6%
Newton, MA
81.5%
Jackson, TN
80.9%
Corvallis, OR
80.2%
Corpus Christi, TX
80.2%
Sumter, SC
79%
Oakland, CA
77.2%
Albany, GA
77.2%
Annapolis, MD
77.2%
Tupelo, MS
77.2%
Albany, NY
75.9%
Yuma, AZ
75.3%
Lancaster, PA
73.5%
% Correct
Martinsburg, WV
73.5%
Bentonville, AR
72.2%
Montpelier, VT
71%
Roanoke, VA
69.8%
Green River, WY
68.5%
Camden, NJ
67.9%
Pierre, SD
64.2%
Helena, MT
62.3%
Dubuque, IA
59.9%
Newport, RI
54.9%
Peoria, IL
53.7%
Ogden, UT
50.6%

You're not logged in!

Compare scores with friends on all Sporcle quizzes.
Sign Up with Email
OR
Log In

You Might Also Like...

Show Comments

Extras

Top Quizzes Today


Score Distribution

Your Account Isn't Verified!

In order to create a playlist on Sporcle, you need to verify the email address you used during registration. Go to your Sporcle Settings to finish the process.

Report this User

Report this user for behavior that violates our Community Guidelines.

Details: